000 00852nam a2200241 a 4500
001 000022950
005 20200930021906.0
008 101123s1983 mx r 001 0 spa d
020 _a9686677062
040 _aDO-SdBNP
_bspa
_cBNPHU
041 1 7 _aspa
_heng
_2Código de idiomas MARC
082 _annnn
_bF931i
100 1 _aFromkin, David,
_947193
240 1 4 _aThe independence of nations.
_lEspañol.
245 1 3 _aLa independencia de las naciones /
_cDavid Fromkin ; traducción de Manuel Ortíz Staines.
260 _aMéxico :
_bPubligrafics,
_c1983.
300 _a206, [1] p. ;
_c21 cm.
500 _aIncluye índice.
504 _aIncluye referencias bibliográficas y notas al pie de las páginas.
534 _pTítulo original en inglés:
_tThe independence of nations.
700 1 _aOrtíz Staines, Manuel,
_etr.
_96144
049 _aBNGR
999 _c22447
_d22447